Entrepreneurship and Public Policy Can Government Stimulate Business Startups?
Na minha lista:
| Autor principal: | |
|---|---|
| Formato: | Livro |
| Idioma: | inglês |
| Publicado em: |
New York
Quorum Books
1988
|
| Edição: | 1. ed. |
| Assuntos: | |
| Tags: |
Sem tags, seja o primeiro a adicionar uma tag!
|
MARC
| LEADER | 00000nam a2200000 4500 | ||
|---|---|---|---|
| 001 | c021305 | ||
| 005 | 20221206134208.1 | ||
| 020 | |a 0-89930-239-4 | ||
| 041 | 0 | |a eng | |
| 044 | |a US | ||
| 245 | 1 | 0 | |a Entrepreneurship and Public Policy |b Can Government Stimulate Business Startups? |c Benjamin W. Mokry |
| 250 | |a 1. ed. | ||
| 264 | 1 | |a New York |b Quorum Books |c 1988 | |
| 300 | |a 155 s. | ||
| 610 | 2 | 0 | |a podnikanie obchodné |
| 610 | 2 | 0 | |a politika verejná |
| 610 | 2 | 0 | |a založenie podniku |
| 610 | 2 | 0 | |a vláda |
| 610 | 2 | 0 | |a podnik malý |
| 610 | 2 | 0 | |a podnikanie drobné |
| 100 | 1 | |a Mokry, Benjamin W. | |